000 00280nam a22001217a 4500
082 _a294.543 RAM
100 _aRamdas, Swami
245 _aRamdas Speaks Vol IV
260 _aKasaragod, Kerala
_bAnandashram
_c1957
300 _a289
650 _aSpirituality-Hinduism
942 _cBK
999 _c20696
_d20696